Distribution par images - La Première Etoile - Statistiques

Statistiques générales
  • Ce quiz a été pris 17 fois
  • Le résultat moyen est 3 sur 9
Statistiques - réponses
Par images Hint Réponse % Correct
Marie-Thérèse Louis-Joseph Firmine Richard
67%
Jean-Gabriel Elisabeth Lucien Jean-Baptiste
67%
Maurice Morgeot Michel Jonasz
60%
Suzanne Morgeot Bernadette Lafont
40%
Barman Grégoire Bonnet
27%
Anne Consigny
20%
Garagiste Gilles Benizio
20%
Yann Élisabeth Jimmy Woha-Woha
20%
Juliette Àstrid Bergès-Frisbey
13%
Aucun quiz correspondant
Distribution des résultats
% des personnes avec chaque résultat
Percentile par nombre de réponses
Votre historique - résultats
Vous n’avez pas pris ce quiz